Tribhuvan University Central Library

Inside the primary classroom (Record no. 14208)

MARC details
000 -LEADER
fixed length control field 007900000a22003250004500
082 ## - DEWEY DECIMAL CLASSIFICATION NUMBER
Classification number 372.130942
Item number C139i
-- T
020 ## - INTERNATIONAL STANDARD BOOK NUMBER
International Standard Book Number 0-415-09351-7
041 ## - LANGUAGE CODE
Language code of text/sound track or separate title Eng
100 ## - MAIN ENTRY--PERSONAL NAME
Personal name Galton, Maurice
100 ## - MAIN ENTRY--PERSONAL NAME
Personal name Simon, Brian
100 ## - MAIN ENTRY--PERSONAL NAME
Personal name Croll, Paul
100 ## - MAIN ENTRY--PERSONAL NAME
Personal name Jamsman, Anne
100 ## - MAIN ENTRY--PERSONAL NAME
Personal name Willcocks, John
245 ## - TITLE STATEMENT
Title Inside the primary classroom
260 ## - PUBLICATION, DISTRIBUTION, ETC. (IMPRINT)
Place of publication, distribution, etc London
Name of publisher, distributor, etc Routledge, UK
260 ## - PUBLICATION, DISTRIBUTION, ETC. (IMPRINT)
Date of publication, distribution, etc 1980
300 ## - PHYSICAL DESCRIPTION
Extent xii, 203p.
Other physical details illus charts, tables
518 ## - DATE/TIME AND PLACE OF AN EVENT NOTE
Date/time and place of an event note 980513
530 ## - ADDITIONAL PHYSICAL FORM AVAILABLE NOTE
Additional physical form available note M
500 ## - GENERAL NOTE
General note Bibliography: p. 194-199
650 ## - SUBJECT ADDED ENTRY--TOPICAL TERM
Topical term or geographic name as entry element Education
650 ## - SUBJECT ADDED ENTRY--TOPICAL TERM
Topical term or geographic name as entry element Primary schools
650 ## - SUBJECT ADDED ENTRY--TOPICAL TERM
Topical term or geographic name as entry element Teaching
650 ## - SUBJECT ADDED ENTRY--TOPICAL TERM
Topical term or geographic name as entry element Schools
650 ## - SUBJECT ADDED ENTRY--TOPICAL TERM
Topical term or geographic name as entry element Primary education
650 ## - SUBJECT ADDED ENTRY--TOPICAL TERM
Topical term or geographic name as entry element Elementary education
650 ## - SUBJECT ADDED ENTRY--TOPICAL TERM
Topical term or geographic name as entry element Classroom
650 ## - SUBJECT ADDED ENTRY--TOPICAL TERM
Topical term or geographic name as entry element Classroom environment
942 ## - ADDED ENTRY ELEMENTS (KOHA)
Koha item type General Collections
Holdings
Withdrawn status Lost status Damaged status Not for loan Home library Current library Date acquired Total Checkouts Barcode Date last seen Price effective from
        Tribhuvan University Central Library Tribhuvan University Central Library 06/20/2010   115751 06/20/2010 06/20/2010